<?xml version="1.0" encoding="UTF-8"?>
<record
    xmlns:xsi="http://www.w3.org/2001/XMLSchema-instance"
    xsi:schemaLocation="http://www.loc.gov/MARC21/slim http://www.loc.gov/standards/marcxml/schema/MARC21slim.xsd"
    xmlns="http://www.loc.gov/MARC21/slim">

  <leader>00150nam a22000617a 4500</leader>
  <controlfield tag="008">141002b        xxu||||| |||| 00| 0 eng d</controlfield>
  <datafield tag="245" ind1=" " ind2=" ">
    <subfield code="a">Si Rizal :</subfield>
    <subfield code="b">nobelista /</subfield>
  </datafield>
  <datafield tag="999" ind1=" " ind2=" ">
    <subfield code="c">276001</subfield>
    <subfield code="d">276001</subfield>
  </datafield>
  <datafield tag="952" ind1=" " ind2=" ">
    <subfield code="0">0</subfield>
    <subfield code="1">0</subfield>
    <subfield code="2">lcc</subfield>
    <subfield code="4">0</subfield>
    <subfield code="6">DS_00675_8_AL445_2008</subfield>
    <subfield code="9">270389</subfield>
    <subfield code="a">CL</subfield>
    <subfield code="b">CL</subfield>
    <subfield code="c">FIL</subfield>
    <subfield code="d">2014-10-02</subfield>
    <subfield code="l">2</subfield>
    <subfield code="m">7</subfield>
    <subfield code="o">DS 675.8 .Al445 2008</subfield>
    <subfield code="p">C14536</subfield>
    <subfield code="r">2018-05-08 00:00:00</subfield>
    <subfield code="s">2018-01-09</subfield>
    <subfield code="w">2014-10-02</subfield>
    <subfield code="y">BK</subfield>
  </datafield>
</record>
